[Event "Sevilla Open 2019"]
[Site "Sevilla ESP"]
[Date "2019.01.12"]
[Round "2.6"]
[White "Degro, Heiko"]
[Black "Xu, Yi"]
[Result "0-1"]
[WhiteElo "2025"]
[BlackElo "2528"]
[PlyCount "140"]
[EventDate "2019.01.11"]
[EventType "swiss"]
[EventRounds "9"]
[EventCountry "ESP"]
[SourceTitle "Ajedrez en Madrid"]
[Source "lmi"]
[SourceDate "2019.01.11"]
[SourceVersion "1"]
[SourceVersionDate "2019.01.15"]
[SourceQuality "1"]
[WhiteTeam "Alemania"]
[BlackTeam "China"]
[WhiteTeamCountry "GER"]
[BlackTeamCountry "CHN"]

1. e4 c5 2. Nf3 Nc6 3. Bb5 g6 4. O-O Bg7 5. Re1 e5 6. Nc3 Nge7 7. d3 d6 8. Nd5
O-O 9. Bg5 f6 10. Bc4 Kh8 11. Bd2 Be6 12. Nxe7 Qxe7 13. Bxe6 Qxe6 14. c3 b6 15.
Qa4 d5 16. b4 Rab8 17. bxc5 bxc5 18. Rab1 d4 19. cxd4 cxd4 20. Rec1 Rxb1 21.
Rxb1 Qd7 22. Rc1 Rc8 23. Qa6 Bf8 24. h3 Kg7 25. g4 Bd6 26. Kg2 Rc7 27. Qb5 Ne7
28. Qxd7 Rxd7 29. Rc2 Kf7 30. Rb2 Nc6 31. Ne1 Ke6 32. Nc2 h5 33. f3 hxg4 34.
hxg4 f5 35. Rb5 f4 36. Rb2 Rc7 37. Kf2 Be7 38. Kg2 Rc8 39. Kf1 Bd6 40. Ne1 Nd8
41. Ba5 Nc6 42. Bd2 Bc5 43. Nc2 Kd6 44. Ne1 Nb8 45. Rc2 Nd7 46. Rb2 Nb6 47. Ba5
Nd7 48. Bd2 Kc6 49. Ba5 Rh8 50. Kg2 Bb6 51. Bd2 Nc5 52. Bb4 Na4 53. Rc2+ Kb5
54. Bd2 Bc5 55. Rc4 Nb6 56. Rc2 Bd6 57. Kg1 Rh7 58. Kg2 Ba3 59. Kg1 a5 60. Ng2
Bb4 61. Bxb4 axb4 62. Ne1 Ra7 63. Ng2 g5 64. Ne1 Nd7 65. Kf1 Nc5 66. Ke2 Na4
67. Rc8 Nc3+ 68. Kf1 Rxa2 69. Re8 b3 70. Rxe5+ Kc6 0-1

[Event "Sevilla Open 2019"]
[Site "Sevilla ESP"]
[Date "2019.01.12"]
[Round "2.7"]
[White "Del Rio De Angelis, Salvador G."]
[Black "Romero Garcia, Mariano"]
[Result "1-0"]
[WhiteElo "2501"]
[BlackElo "1990"]
[PlyCount "65"]
[EventDate "2019.01.11"]
[EventType "swiss"]
[EventRounds "9"]
[EventCountry "ESP"]
[SourceTitle "Ajedrez en Madrid"]
[Source "lmi"]
[SourceDate "2019.01.11"]
[SourceVersion "1"]
[SourceVersionDate "2019.01.15"]
[SourceQuality "1"]
[WhiteTeam "España"]
[BlackTeam "España"]
[WhiteTeamCountry "ESP"]
[BlackTeamCountry "ESP"]

1. d4 Nf6 2. c4 g6 3. Nc3 Bg7 4. Nf3 d6 5. Bg5 O-O 6. e3 Nbd7 7. Be2 c6 8. O-O
h6 9. Bh4 g5 10. Bg3 Nh5 11. Nd2 Nxg3 12. hxg3 e5 13. d5 cxd5 14. Nxd5 Nb6 15.
g4 f5 16. gxf5 Bxf5 17. Nc3 Rc8 18. Nde4 Rc6 19. b3 Kh8 20. Bf3 g4 21. Bxg4 Qh4
22. Bxf5 Rxf5 23. Ng3 Rg5 24. Nce4 Rg4 25. Qf3 d5 26. cxd5 Rcg6 27. Rfd1 h5 28.
Qf5 Qd8 29. Qxh5+ Kg8 30. d6 Qe8 31. Qf5 Nd7 32. Rac1 Qf7 33. Qxf7+ 1-0

[Event "Sevilla Open 2019"]
[Site "Sevilla ESP"]
[Date "2019.01.12"]
[Round "2.8"]
[White "Vela Ignacio, Jose Manuel"]
[Black "Vasquez Schroeder, Rodrigo"]
[Result "0-1"]
[WhiteElo "2006"]
[BlackElo "2499"]
[PlyCount "78"]
[EventDate "2019.01.11"]
[EventType "swiss"]
[EventRounds "9"]
[EventCountry "ESP"]
[SourceTitle "Ajedrez en Madrid"]
[Source "lmi"]
[SourceDate "2019.01.11"]
[SourceVersion "1"]
[SourceVersionDate "2019.01.15"]
[SourceQuality "1"]
[WhiteTeam "España"]
[BlackTeam "Chile"]
[WhiteTeamCountry "ESP"]
[BlackTeamCountry "CHI"]

1. f4 d5 2. Nf3 Nh6 3. d4 g6 4. e3 Bg7 5. Bd3 c5 6. c3 Qc7 7. Qe2 O-O 8. O-O
Bf5 9. Ne5 Nc6 10. g4 Bxd3 11. Nxd3 c4 12. Nf2 f5 13. g5 Nf7 14. Nd2 b5 15. h4
Nd6 16. h5 Rfb8 17. Nf3 e6 18. Kg2 b4 19. Nh4 Ne7 20. Rh1 Qd7 21. Bd2 a5 22.
Rh3 bxc3 23. Bxc3 Ne4 24. Nxe4 fxe4 25. Rf1 Rb7 26. Qg4 Rb6 27. Rh2 Kf7 28. Qh3
Ke8 29. Kg1 Rba6 30. Rhf2 Kd8 31. hxg6 hxg6 32. Ng2 Qe8 33. Qh7 Qf7 34. Qh3 Kd7
35. Nh4 Rh8 36. Qg4 Kc7 37. Rh2 Raa8 38. Qg3 Kb7 39. Qe1 Nc6 0-1

[Event "Sevilla Open 2019"]
[Site "Sevilla ESP"]
[Date "2019.01.12"]
[Round "2.9"]
[White "Li, Di"]
[Black "Moya De La Flor, Daniel"]
[Result "1-0"]
[WhiteElo "2488"]
[BlackElo "1957"]
[PlyCount "63"]
[EventDate "2019.01.11"]
[EventType "swiss"]
[EventRounds "9"]
[EventCountry "ESP"]
[SourceTitle "Ajedrez en Madrid"]
[Source "lmi"]
[SourceDate "2019.01.11"]
[SourceVersion "1"]
[SourceVersionDate "2019.01.15"]
[SourceQuality "1"]
[WhiteTeam "China"]
[BlackTeam "España"]
[WhiteTeamCountry "CHN"]
[BlackTeamCountry "ESP"]

1. d4 d5 2. c4 e6 3. Nf3 Nf6 4. g3 c6 5. Bg2 Bd6 6. O-O O-O 7. Nc3 Nbd7 8. Nd2
Bb4 9. Qb3 Qa5 10. e4 Bxc3 11. bxc3 dxe4 12. Nxe4 Nxe4 13. Bxe4 Nf6 14. Bg2 Qf5
15. Re1 Nd7 16. a4 e5 17. a5 a6 18. h3 Re8 19. Ra2 e4 20. g4 Qg6 21. Rae2 Nf8
22. Bxe4 f5 23. Bd3 Rxe2 24. Rxe2 Qf7 25. g5 Qh5 26. c5+ Kh8 27. Bf4 Be6 28.
Rxe6 Nxe6 29. Qxe6 Re8 30. Qxf5 Re1+ 31. Kg2 Re8 32. Be5 1-0

[Event "Sevilla Open 2019"]
[Site "Sevilla ESP"]
[Date "2019.01.12"]
[Round "2.10"]
[White "Peschardt, Soren"]
[Black "Harutjunyan, Gevorg"]
[Result "0-1"]
[WhiteElo "2004"]
[BlackElo "2476"]
[PlyCount "84"]
[EventDate "2019.01.11"]
[EventType "swiss"]
[EventRounds "9"]
[EventCountry "ESP"]
[SourceTitle "Ajedrez en Madrid"]
[Source "lmi"]
[SourceDate "2019.01.11"]
[SourceVersion "1"]
[SourceVersionDate "2019.01.15"]
[SourceQuality "1"]
[WhiteTeam "Dinamarca"]
[BlackTeam "Armenia"]
[WhiteTeamCountry "DEN"]
[BlackTeamCountry "ARM"]

1. d4 g6 2. Nf3 Bg7 3. g3 Nf6 4. Bg2 O-O 5. O-O d6 6. Nc3 Nbd7 7. e4 e5 8. dxe5
dxe5 9. Qe2 c6 10. Bg5 Qc7 11. Rfd1 Nc5 12. Rd2 b5 13. Bxf6 Bxf6 14. Qe3 Ne6
15. Ne2 Qb6 16. Qxb6 axb6 17. Rd6 Bb7 18. Nc1 Rfe8 19. Nd3 Be7 20. Rd7 Bc8 21.
Rxe7 Rxe7 22. Nfxe5 c5 23. a3 Bb7 24. Re1 Kg7 25. f4 Rd8 26. f5 Nd4 27. c3 Nb3
28. Ng4 gxf5 29. exf5 Rxe1+ 30. Nxe1 Bxg2 31. f6+ Kf8 32. Kxg2 Rd2+ 33. Kh3
Rxb2 34. Nf3 Nd2 35. Ng5 h5 36. Ne5 Nf1 37. Ngf3 Rf2 38. g4 hxg4+ 39. Kxg4
Nxh2+ 40. Kg3 Nxf3 41. Nd7+ Ke8 42. Kxf2 Kxd7 0-1

[Event "Sevilla Open 2019"]
[Site "Sevilla ESP"]
[Date "2019.01.12"]
[Round "2.11"]
[White "Krishna C R G"]
[Black "Munoz Garcia, Jesus"]
[Result "1-0"]
[WhiteElo "2469"]
[BlackElo "1953"]
[PlyCount "87"]
[EventDate "2019.01.11"]
[EventType "swiss"]
[EventRounds "9"]
[EventCountry "ESP"]
[SourceTitle "Ajedrez en Madrid"]
[Source "lmi"]
[SourceDate "2019.01.11"]
[SourceVersion "1"]
[SourceVersionDate "2019.01.15"]
[SourceQuality "1"]
[WhiteTeam "India"]
[BlackTeam "España"]
[WhiteTeamCountry "IND"]
[BlackTeamCountry "ESP"]

1. Nf3 Nf6 2. d4 e6 3. e3 d5 4. Bd3 Bd6 5. O-O b6 6. b3 Bb7 7. Bb2 O-O 8. c4
Nbd7 9. Nc3 Ne4 10. cxd5 Nxc3 11. Bxc3 exd5 12. Ne5 Bxe5 13. dxe5 Nc5 14. Bc2
Ne4 15. Bb2 c5 16. Qg4 Qg5 17. Qd7 Rab8 18. f4 Qh6 19. Bxe4 dxe4 20. Rad1 Ba6
21. Rd6 Qh5 22. Re1 Rb7 23. Qc6 Qf5 24. e6 fxe6 25. Rxe6 Rbf7 26. Qxe4 Qg4 27.
Re5 Bb7 28. Qc2 Rd8 29. Rg5 Qe6 30. Qc3 Rdd7 31. h3 Qc6 32. e4 Rde7 33. Qg3 Kf8
34. e5 c4 35. Ba3 c3 36. Rc1 c2 37. Qf2 Qe4 38. Bxe7+ Kxe7 39. Rxc2 Rxf4 40.
Rxg7+ Ke6 41. Qd2 Bd5 42. Rc6+ Kf5 43. Rf6+ Kxe5 44. Rxf4 1-0

[Event "Sevilla Open 2019"]
[Site "Sevilla ESP"]
[Date "2019.01.12"]
[Round "2.12"]
[White "Morales Barrera, Raul"]
[Black "Iniyan, P."]
[Result "0-1"]
[WhiteElo "1958"]
[BlackElo "2456"]
[PlyCount "68"]
[EventDate "2019.01.11"]
[EventType "swiss"]
[EventRounds "9"]
[EventCountry "ESP"]
[SourceTitle "Ajedrez en Madrid"]
[Source "lmi"]
[SourceDate "2019.01.11"]
[SourceVersion "1"]
[SourceVersionDate "2019.01.15"]
[SourceQuality "1"]
[WhiteTeam "España"]
[BlackTeam "India"]
[WhiteTeamCountry "ESP"]
[BlackTeamCountry "IND"]

1. d4 Nf6 2. Nf3 g6 3. Nc3 d5 4. Bf4 Bg7 5. Qd2 c6 6. Bh6 O-O 7. Bxg7 Kxg7 8.
Ne5 Nbd7 9. Nxd7 Bxd7 10. e3 Qc7 11. h4 e5 12. Be2 h5 13. O-O-O Rfe8 14. f3 b5
15. Rde1 b4 16. Nd1 c5 17. dxc5 Qxc5 18. Nf2 e4 19. f4 Rac8 20. Kb1 d4 21. Nd1
dxe3 22. Nxe3 Be6 23. b3 Nd5 24. Nxd5 Bxd5 25. Ba6 e3 26. Qc1 Rc7 27. Re2 Qd6
28. Bd3 Qxf4 29. Rh3 Qd4 30. Qe1 a5 31. Rhxe3 Rxe3 32. Rxe3 a4 33. bxa4 Rc3 34.
Qc1 Bxa2+ 0-1

[Event "Sevilla Open 2019"]
[Site "Sevilla ESP"]
[Date "2019.01.12"]
[Round "2.14"]
[White "Sobrino Forte, Alvaro"]
[Black "Starostits, Ilmars"]
[Result "0-1"]
[WhiteElo "1955"]
[BlackElo "2442"]
[PlyCount "80"]
[EventDate "2019.01.11"]
[EventType "swiss"]
[EventRounds "9"]
[EventCountry "ESP"]
[SourceTitle "Ajedrez en Madrid"]
[Source "lmi"]
[SourceDate "2019.01.11"]
[SourceVersion "1"]
[SourceVersionDate "2019.01.15"]
[SourceQuality "1"]
[WhiteTeam "España"]
[BlackTeam "Letonia"]
[WhiteTeamCountry "ESP"]
[BlackTeamCountry "LAT"]

1. e4 c5 2. Nf3 Nc6 3. d4 cxd4 4. Nxd4 Qb6 5. Nb3 Nf6 6. Nc3 e6 7. Qe2 Bb4 8.
Bd2 a5 9. a3 Bxc3 10. Bxc3 e5 11. O-O-O O-O 12. g4 d6 13. g5 Ne8 14. Qe3 Qxe3+
15. fxe3 Bg4 16. Rd2 a4 17. Na1 Bf3 18. Bg2 Bxg2 19. Rxg2 Nc7 20. Rd1 f5 21.
exf5 Rxf5 22. Rxd6 Nb5 23. Rd5 Rf1+ 24. Rd1 Rxd1+ 25. Kxd1 Nxc3+ 26. bxc3 Kf7
27. Rg4 Ke6 28. Rh4 Kf5 29. Rxh7 Kg6 30. Rh4 Kxg5 31. Rc4 Kf5 32. h4 Ra5 33.
Ke2 e4 34. Kf2 Ke5 35. Nb3 axb3 36. cxb3 Kd5 37. a4 Ra8 38. Ke2 b6 39. Kd2 Rh8
40. a5 b5 0-1

[Event "Sevilla Open 2019"]
[Site "Sevilla ESP"]
[Date "2019.01.12"]
[Round "2.15"]
[White "Sanna, Yuri"]
[Black "Larino Nieto, David"]
[Result "0-1"]
[WhiteElo "1952"]
[BlackElo "2432"]
[PlyCount "74"]
[EventDate "2019.01.11"]
[EventType "swiss"]
[EventRounds "9"]
[EventCountry "ESP"]
[SourceTitle "Ajedrez en Madrid"]
[Source "lmi"]
[SourceDate "2019.01.11"]
[SourceVersion "1"]
[SourceVersionDate "2019.01.15"]
[SourceQuality "1"]
[WhiteTeam "Italia"]
[BlackTeam "España"]
[WhiteTeamCountry "ITA"]
[BlackTeamCountry "ESP"]

1. Nc3 c5 2. d4 cxd4 3. Qxd4 Nc6 4. Qd3 Nb4 5. Qd1 Nf6 6. Bg5 d6 7. Bxf6 gxf6
8. Nf3 a6 9. g3 Bg7 10. a3 Nc6 11. Nd5 e6 12. Nf4 e5 13. Nd5 f5 14. Nh4 Be6 15.
Bg2 O-O 16. O-O e4 17. c3 Ne7 18. Nf4 Ng6 19. Nhxg6 hxg6 20. Nxe6 fxe6 21. Qb3
Qe7 22. f3 d5 23. c4 Qc5+ 24. Kh1 dxc4 25. Qc2 exf3 26. Bxf3 Rad8 27. Rad1 b5
28. Rxd8 Rxd8 29. g4 Qd4 30. gxf5 exf5 31. b3 Qb2 32. Qxb2 Bxb2 33. bxc4 bxc4
34. e4 c3 35. Rf2 Bxa3 36. exf5 gxf5 37. Ra2 Bb2 0-1

[Event "Sevilla Open 2019"]
[Site "Sevilla ESP"]
[Date "2019.01.12"]
[Round "2.16"]
[White "Das, Arghyadip"]
[Black "Ataide Molina, Jose Maria"]
[Result "1-0"]
[WhiteElo "2431"]
[BlackElo "1941"]
[PlyCount "35"]
[EventDate "2019.01.11"]
[EventType "swiss"]
[EventRounds "9"]
[EventCountry "ESP"]
[SourceTitle "Ajedrez en Madrid"]
[Source "lmi"]
[SourceDate "2019.01.11"]
[SourceVersion "1"]
[SourceVersionDate "2019.01.15"]
[SourceQuality "1"]
[WhiteTeam "India"]
[BlackTeam "España"]
[WhiteTeamCountry "IND"]
[BlackTeamCountry "ESP"]

1. e4 g6 2. d4 Bg7 3. Nc3 d6 4. f4 Nf6 5. Nf3 O-O 6. e5 Nfd7 7. Bc4 Nb6 8. Bb3
Na6 9. Be3 c5 10. dxc5 Nxc5 11. exd6 exd6 12. O-O Bg4 13. h3 Nxb3 14. axb3 Bf5
15. Bd4 f6 16. Qd2 Qc7 17. Qf2 Bd7 18. Rxa7 1-0

[Event "Sevilla Open 2019"]
[Site "Sevilla ESP"]
[Date "2019.01.12"]
[Round "2.17"]
[White "Gaitan Ramirez, Alfonso"]
[Black "Ertan, Can"]
[Result "0-1"]
[WhiteElo "1946"]
[BlackElo "2421"]
[PlyCount "48"]
[EventDate "2019.01.11"]
[EventType "swiss"]
[EventRounds "9"]
[EventCountry "ESP"]
[SourceTitle "Ajedrez en Madrid"]
[Source "lmi"]
[SourceDate "2019.01.11"]
[SourceVersion "1"]
[SourceVersionDate "2019.01.15"]
[SourceQuality "1"]
[WhiteTeam "España"]
[BlackTeam "Turquía"]
[WhiteTeamCountry "ESP"]
[BlackTeamCountry "TUR"]

1. e4 e5 2. Nf3 Nc6 3. Nc3 Nf6 4. d4 exd4 5. Nxd4 Bb4 6. Nxc6 bxc6 7. Bd3 O-O
8. O-O d5 9. exd5 cxd5 10. Bg5 c6 11. Qf3 Be7 12. h3 Rb8 13. b3 Rb4 14. Rae1 h6
15. Bc1 Bd6 16. Bb2 Re8 17. a3 Rb7 18. Qd1 Rbe7 19. Qa1 Bb8 20. Ne2 Nh5 21. f4
Qb6+ 22. Bd4 c5 23. Bf2 Qc7 24. Qc1 c4 0-1

[Event "Sevilla Open 2019"]
[Site "Sevilla ESP"]
[Date "2019.01.12"]
[Round "2.18"]
[White "Campora, Daniel H."]
[Black "Herrera Oliva, Enrique"]
[Result "1-0"]
[WhiteElo "2417"]
[BlackElo "1932"]
[PlyCount "95"]
[EventDate "2019.01.11"]
[EventType "swiss"]
[EventRounds "9"]
[EventCountry "ESP"]
[SourceTitle "Ajedrez en Madrid"]
[Source "lmi"]
[SourceDate "2019.01.11"]
[SourceVersion "1"]
[SourceVersionDate "2019.01.15"]
[SourceQuality "1"]
[WhiteTeam "Argentina"]
[BlackTeam "España"]
[WhiteTeamCountry "ARG"]
[BlackTeamCountry "ESP"]

1. e4 e5 2. Nf3 Nc6 3. Bb5 a6 4. Ba4 Nf6 5. O-O Be7 6. Bxc6 dxc6 7. d3 Bg4 8.
Nbd2 O-O 9. Nc4 Bd6 10. h3 Bh5 11. Ne3 Nd7 12. g4 Bg6 13. Nf5 Nc5 14. N3h4 Ne6
15. Ng2 c5 16. Be3 Bxf5 17. gxf5 Nf4 18. Qf3 g5 19. Rfd1 Qf6 20. c3 Qh6 21.
Bxf4 gxf4 22. Qg4+ Kh8 23. Qh4 Qg7 24. f6 Qg6 25. Kh1 c4 26. Nxf4 exf4 27. Rg1
cxd3 28. Rxg6 fxg6 29. Rd1 Rae8 30. f3 Re6 31. Rxd3 Rfxf6 32. Qg5 Kg7 33. Qd5
b6 34. b4 Re5 35. Qb7 Kh6 36. Qxa6 Rh5 37. Qc8 Rf8 38. Qd7 Ra8 39. a4 Re5 40.
Kg2 Rae8 41. Kf2 R8e7 42. Qc6 Kg5 43. Rd1 Kh4 44. Rg1 g5 45. Qc4 Rg7 46. Qa6 h5
47. Qc8 g4 48. hxg4 1-0

[Event "Sevilla Open 2019"]
[Site "Sevilla ESP"]
[Date "2019.01.13"]
[Round "3.1"]
[White "Diaz Castro, Sergio"]
[Black "Fedorchuk, Sergey A."]
[Result "1-0"]
[WhiteElo "2252"]
[BlackElo "2606"]
[PlyCount "85"]
[EventDate "2019.01.11"]
[EventType "swiss"]
[EventRounds "9"]
[EventCountry "ESP"]
[SourceTitle "Ajedrez en Madrid"]
[Source "lmi"]
[SourceDate "2019.01.11"]
[SourceVersion "1"]
[SourceVersionDate "2019.01.15"]
[SourceQuality "1"]
[WhiteTeam "España"]
[BlackTeam "Ucrania"]
[WhiteTeamCountry "ESP"]
[BlackTeamCountry "UKR"]

1. e4 c5 2. c3 d6 3. d4 Nf6 4. Bd3 g6 5. dxc5 dxc5 6. e5 Nh5 7. f4 Nc6 8. Nf3
Bh6 9. g3 Bh3 10. Na3 Qd7 11. Be2 Qxd1+ 12. Bxd1 O-O-O 13. Kf2 f6 14. exf6 exf6
15. Be3 Bf8 16. Re1 Ng7 17. Ba4 Bd7 18. Kg2 a6 19. Nc4 Kc7 20. Bc2 Be7 21. f5
b5 22. Bf4+ Kb7 23. Na5+ Nxa5 24. Rxe7 Nxf5 25. Bxf5 gxf5 26. Rd1 Kc8 27. Rd6
Nc4 28. Rxa6 Rhe8 29. Ra7 Ne5 30. Bxe5 fxe5 31. Raxd7 e4 32. Nh4 Rxe7 33. Rxe7
Rd2+ 34. Kh3 Rxb2 35. Re5 c4 36. Nxf5 Kc7 37. Nd4 Kb6 38. Rxb5+ Rxb5 39. Nxb5
Kxb5 40. Kg4 Ka4 41. Kf4 Ka3 42. Kxe4 Kxa2 43. Kd4 1-0

[Event "Sevilla Open 2019"]
[Site "Sevilla ESP"]
[Date "2019.01.13"]
[Round "3.2"]
[White "Xu, Xiangyu"]
[Black "Hernandez Munoz, Antonio Ramon"]
[Result "1-0"]
[WhiteElo "2567"]
[BlackElo "2261"]
[PlyCount "75"]
[EventDate "2019.01.11"]
[EventType "swiss"]
[EventRounds "9"]
[EventCountry "ESP"]
[SourceTitle "Ajedrez en Madrid"]
[Source "lmi"]
[SourceDate "2019.01.11"]
[SourceVersion "1"]
[SourceVersionDate "2019.01.15"]
[SourceQuality "1"]
[WhiteTeam "China"]
[BlackTeam "España"]
[WhiteTeamCountry "CHN"]
[BlackTeamCountry "ESP"]

1. Nf3 Nf6 2. c4 c5 3. Nc3 d5 4. cxd5 Nxd5 5. e4 Nb4 6. Bc4 Nd3+ 7. Ke2 Nf4+ 8.
Kf1 Ne6 9. d3 Nc6 10. Ng5 Ncd4 11. Ne2 Nxg5 12. Bxg5 h6 13. Bf4 a6 14. Nxd4
Qxd4 15. Be3 Qd6 16. Qa4+ Bd7 17. Qb3 O-O-O 18. Bxf7 e6 19. Rc1 b6 20. d4 Bb5+
21. Kg1 c4 22. d5 e5 23. Qc3 Kb7 24. Be6 Be7 25. g3 Rhf8 26. Kg2 g5 27. b3 cxb3
28. Qxb3 Qb4 29. Qc2 Bd6 30. Rb1 Qa3 31. Rxb5 axb5 32. Qc6+ Kb8 33. Qxb6+ Ka8
34. Qc6+ Kb8 35. Qxb5+ Ka8 36. Qc6+ Kb8 37. Rb1+ Bb4 38. Qb6+ 1-0

[Event "Sevilla Open 2019"]
[Site "Sevilla ESP"]
[Date "2019.01.13"]
[Round "3.3"]
[White "Calzetta Ruiz, Monica"]
[Black "Ibarra Jerez, Jose Carlos"]
[Result "1/2-1/2"]
[WhiteElo "2245"]
[BlackElo "2558"]
[PlyCount "83"]
[EventDate "2019.01.11"]
[EventType "swiss"]
[EventRounds "9"]
[EventCountry "ESP"]
[SourceTitle "Ajedrez en Madrid"]
[Source "lmi"]
[SourceDate "2019.01.11"]
[SourceVersion "1"]
[SourceVersionDate "2019.01.15"]
[SourceQuality "1"]
[WhiteTeam "España"]
[BlackTeam "España"]
[WhiteTeamCountry "ESP"]
[BlackTeamCountry "ESP"]

1. e4 e6 2. d4 d5 3. Nd2 Be7 4. e5 c5 5. c3 Nc6 6. Bd3 cxd4 7. cxd4 Qb6 8. Ne2
Bd7 9. O-O Nh6 10. Nf3 Nf5 11. Kh1 Rc8 12. a3 Na5 13. b4 Nc4 14. g4 Nh6 15. h3
Ng8 16. Ng3 a5 17. bxa5 Qxa5 18. Qe2 Ba4 19. Bg5 Bf8 20. Rfc1 Ne7 21. Rab1 b5
22. Nh5 Nc6 23. Bxc4 bxc4 24. Rb7 Qa8 25. Rbb1 h6 26. Be3 Rb8 27. Kg2 Kd7 28.
Nd2 Bxa3 29. Qf3 Bxc1 30. Qxf7+ Ne7 31. Rxc1 Rhg8 32. Nxg7 Qc6 33. Bxh6 Rbf8
34. Qh5 c3 35. Nf3 Qc4 36. Nxe6 Kxe6 37. Bxf8 Rxf8 38. Qh6+ Kf7 39. Qh5+ Ke6
40. Qh6+ Kf7 41. Qh5+ Ke6 42. Qh6+ 1/2-1/2

[Event "Sevilla Open 2019"]
[Site "Sevilla ESP"]
[Date "2019.01.13"]
[Round "3.4"]
[White "Grigoryan, Karen H."]
[Black "Kolotilina, Liudmila"]
[Result "1-0"]
[WhiteElo "2557"]
[BlackElo "2226"]
[PlyCount "43"]
[EventDate "2019.01.11"]
[EventType "swiss"]
[EventRounds "9"]
[EventCountry "ESP"]
[SourceTitle "Ajedrez en Madrid"]
[Source "lmi"]
[SourceDate "2019.01.11"]
[SourceVersion "1"]
[SourceVersionDate "2019.01.15"]
[SourceQuality "1"]
[WhiteTeam "Armenia"]
[BlackTeam "España"]
[WhiteTeamCountry "ARM"]
[BlackTeamCountry "ESP"]

1. e4 c5 2. Nf3 Nc6 3. Bb5 e5 4. O-O Bd6 5. c3 a6 6. Bxc6 dxc6 7. d4 cxd4 8.
cxd4 Bg4 9. dxe5 Bc7 10. Nbd2 Qd3 11. a4 O-O-O 12. Ra3 Qd7 13. b4 Qe6 14. Qc2
Kb8 15. b5 cxb5 16. axb5 axb5 17. Bb2 b4 18. Ra8+ Kxa8 19. Qxc7 Rd3 20. Ra1+
Qa6 21. Rxa6+ bxa6 22. Bd4 1-0

[Event "Sevilla Open 2019"]
[Site "Sevilla ESP"]
[Date "2019.01.13"]
[Round "3.5"]
[White "Kul, Ivan"]
[Black "Saric, Ante"]
[Result "0-1"]
[WhiteElo "2196"]
[BlackElo "2536"]
[PlyCount "100"]
[EventDate "2019.01.11"]
[EventType "swiss"]
[EventRounds "9"]
[EventCountry "ESP"]
[SourceTitle "Ajedrez en Madrid"]
[Source "lmi"]
[SourceDate "2019.01.11"]
[SourceVersion "1"]
[SourceVersionDate "2019.01.15"]
[SourceQuality "1"]
[WhiteTeam "Bielorrusia"]
[BlackTeam "Croacia"]
[WhiteTeamCountry "BLR"]
[BlackTeamCountry "CRO"]

1. e4 c5 2. c3 Nf6 3. e5 Nd5 4. Nf3 e6 5. d4 cxd4 6. cxd4 d6 7. Bb5+ Bd7 8.
Bxd7+ Nxd7 9. O-O dxe5 10. Nxe5 Be7 11. Nxd7 Qxd7 12. Nc3 O-O 13. Qf3 Nxc3 14.
bxc3 Rac8 15. Rb1 b6 16. Rb3 Rc4 17. Rd1 Qa4 18. Qe2 Rfc8 19. d5 Re4 20. Be3
exd5 21. Rxd5 Bc5 22. Qd2 Rce8 23. Rd3 g6 24. h3 Bxe3 25. Rxe3 Rxe3 26. fxe3
Qe4 27. Kf2 Qf5+ 28. Kg1 Qe6 29. Kf2 Qf6+ 30. Kg1 Rd8 31. Qe2 Rd6 32. c4 Qa1+
33. Kh2 Rd1 34. Rb2 h5 35. Kg3 Re1 36. Qd2 Rxe3+ 37. Qxe3 Qxb2 38. Qe8+ Kg7 39.
Qa4 Qe5+ 40. Kf2 Qd4+ 41. Kf1 a5 42. Qb3 h4 43. a4 f5 44. Qb5 Kh6 45. Qc6 Kg5
46. Qe6 Qc5 47. Ke2 Kf4 48. Kd3 g5 49. Qe1 Qa3+ 50. Kd4 Qd6+ 0-1

[Event "Sevilla Open 2019"]
[Site "Sevilla ESP"]
[Date "2019.01.13"]
[Round "3.6"]
[White "Xu, Yi"]
[Black "Silva Lucena, Cristian"]
[Result "1-0"]
[WhiteElo "2528"]
[BlackElo "2211"]
[PlyCount "107"]
[EventDate "2019.01.11"]
[EventType "swiss"]
[EventRounds "9"]
[EventCountry "ESP"]
[SourceTitle "Ajedrez en Madrid"]
[Source "lmi"]
[SourceDate "2019.01.11"]
[SourceVersion "1"]
[SourceVersionDate "2019.01.15"]
[SourceQuality "1"]
[WhiteTeam "China"]
[BlackTeam "España"]
[WhiteTeamCountry "CHN"]
[BlackTeamCountry "ESP"]

1. e4 e5 2. Nf3 Nc6 3. Bb5 a6 4. Ba4 Nf6 5. O-O b5 6. Bb3 Be7 7. Re1 d6 8. c3
O-O 9. d4 Bg4 10. Be3 exd4 11. cxd4 d5 12. e5 Ne4 13. Nc3 Nxc3 14. bxc3 Na5 15.
Bc2 Nc4 16. Qd3 g6 17. Bh6 Re8 18. h3 Be6 19. g4 a5 20. Re2 Ra6 21. Nh2 Bd7 22.
f4 b4 23. f5 Bg5 24. Bxg5 Qxg5 25. Qg3 gxf5 26. Nf3 Qg7 27. g5 bxc3 28. Nh4 Nd6
29. Bd3 Rb6 30. Kh2 Rb2 31. Rxb2 cxb2 32. Rb1 Ne4 33. Bxe4 fxe4 34. Rxb2 c5 35.
Rb7 cxd4 36. Rxd7 Qxe5 37. Ng2 e3 38. Qxe5 Rxe5 39. Ne1 Rxg5 40. Nd3 Rf5 41.
Rd8+ Kg7 42. Kg2 Rg5+ 43. Kf3 Rf5+ 44. Ke2 Rg5 45. Ne1 Rh5 46. Nf3 Rxh3 47.
Rxd5 Rg3 48. Rxa5 Rg2+ 49. Kd3 f5 50. Nxd4 h5 51. Nxf5+ Kf6 52. Nxe3 Rb2 53.
Ke4 h4 54. Kf4 1-0

[Event "Sevilla Open 2019"]
[Site "Sevilla ESP"]
[Date "2019.01.13"]
[Round "3.7"]
[White "Li, Xueyi"]
[Black "Del Rio De Angelis, Salvador G."]
[Result "1/2-1/2"]
[WhiteElo "2194"]
[BlackElo "2501"]
[PlyCount "99"]
[EventDate "2019.01.11"]
[EventType "swiss"]
[EventRounds "9"]
[EventCountry "ESP"]
[SourceTitle "Ajedrez en Madrid"]
[Source "lmi"]
[SourceDate "2019.01.11"]
[SourceVersion "1"]
[SourceVersionDate "2019.01.15"]
[SourceQuality "1"]
[WhiteTeam "China"]
[BlackTeam "España"]
[WhiteTeamCountry "CHN"]
[BlackTeamCountry "ESP"]

1. d4 e6 2. c4 Nf6 3. g3 d5 4. Bg2 Be7 5. Nf3 O-O 6. O-O c6 7. Qc2 b6 8. Nbd2
Bb7 9. e4 Na6 10. a3 dxc4 11. e5 Nd5 12. Ne4 h6 13. Qxc4 c5 14. dxc5 bxc5 15.
Nc3 Nxc3 16. bxc3 Qd5 17. Qg4 Qe4 18. Bf4 Qf5 19. Qxf5 exf5 20. Rfd1 Rad8 21.
Nh4 Bc8 22. Nf3 Nc7 23. Ne1 Be6 24. Rdb1 Rb8 25. Be3 Nd5 26. Bxd5 Bxd5 27. Rxb8
Rxb8 28. Nd3 Rc8 29. Nf4 Bf3 30. e6 fxe6 31. Nd3 Bd5 32. Ne5 Bb3 33. c4 a5 34.
a4 Bf6 35. f4 Bxe5 36. fxe5 Bxc4 37. Rc1 Bd5 38. Rxc5 Rb8 39. h4 Rb1+ 40. Kf2
Rb2+ 41. Ke1 Rb4 42. Rxa5 Re4 43. Kf2 Rxe5 44. Ra7 Re4 45. a5 Ra4 46. Bf4 g5
47. hxg5 hxg5 48. Bxg5 e5 49. Re7 Rxa5 50. Rxe5 1/2-1/2